Thermal Testing of Corundum Ceramics: Conventional Techniques under Optical Heating; Russian Journal of Nondestructive Testing; Vol. 60, iss. 7
| Parent link: | Russian Journal of Nondestructive Testing=Дефектоскопия.— .— New York: Springer Science+Business Media LLC. Vol. 60, iss. 7.— 2024.— P. 826-834 |
|---|---|
| অন্যান্য লেখক: | , , , , |
| সংক্ষিপ্ত: | The types of defects and ways of their formation in the production of tiles from corundum ceramics are considered. The integrity of tiles containing artificial defects has been investigated by the method of active thermal nondestructive testing using optical heating. One- and two-sided thermal testing schemes as well as various methods of software processing of thermograms are applied. It has been established that the best results in detecting internal defects in ceramic tiles with a thickness of 10 mm during thermal stimulation using halogen lamps are obtained by the method of one-sided thermal testing Текстовый файл AM_Agreement |
| ভাষা: | ইংরেজি |
| প্রকাশিত: |
2024
|
| বিষয়গুলি: | |
| অনলাইন ব্যবহার করুন: | https://doi.org/10.1134/S1061830924700736 Статья на русском языке |
| বিন্যাস: | বৈদ্যুতিক গ্রন্থের অধ্যায় |
| KOHA link: | https://koha.lib.tpu.ru/cgi-bin/koha/opac-detail.pl?biblionumber=679097 |
MARC
| LEADER | 00000naa0a2200000 4500 | ||
|---|---|---|---|
| 001 | 679097 | ||
| 005 | 20250314143445.0 | ||
| 090 | |a 679097 | ||
| 100 | |a 20250314d2024 k||y0rusy50 ba | ||
| 101 | 0 | |a eng | |
| 102 | |a US | ||
| 135 | |a drcn ---uucaa | ||
| 181 | 0 | |a i |b e | |
| 182 | 0 | |a b | |
| 183 | 0 | |a cr |2 RDAcarrier | |
| 200 | 1 | |a Thermal Testing of Corundum Ceramics: Conventional Techniques under Optical Heating |d Тепловой контроль корундовой керамики: классические методики при оптическом нагреве |z rus |f S. E. Chernykh, V. P. Vavilov, V. N. Kostin [et al.] | |
| 203 | |a Текст |c электронный |b визуальный | ||
| 283 | |a online_resource |2 RDAcarrier | ||
| 320 | |a References: 18 tit | ||
| 330 | |a The types of defects and ways of their formation in the production of tiles from corundum ceramics are considered. The integrity of tiles containing artificial defects has been investigated by the method of active thermal nondestructive testing using optical heating. One- and two-sided thermal testing schemes as well as various methods of software processing of thermograms are applied. It has been established that the best results in detecting internal defects in ceramic tiles with a thickness of 10 mm during thermal stimulation using halogen lamps are obtained by the method of one-sided thermal testing | ||
| 336 | |a Текстовый файл | ||
| 371 | 0 | |a AM_Agreement | |
| 461 | 1 | |t Russian Journal of Nondestructive Testing |l Дефектоскопия |c New York |n Springer Science+Business Media LLC. | |
| 463 | 1 | |t Vol. 60, iss. 7 |v P. 826-834 |d 2024 | |
| 610 | 1 | |a ceramics | |
| 610 | 1 | |a composite | |
| 610 | 1 | |a flaw detection | |
| 610 | 1 | |a thermography | |
| 610 | 1 | |a thermal testing | |
| 610 | 1 | |a электронный ресурс | |
| 610 | 1 | |a труды учёных ТПУ | |
| 701 | 1 | |a Chernykh |b S. E. |g Sergey | |
| 701 | 1 | |a Vavilov |b V. P. |c Specialist in the field of dosimetry and methodology of nondestructive testing (NDT) |c Doctor of technical sciences (DSc), Professor of Tomsk Polytechnic University (TPU) |f 1949- |g Vladimir Platonovich |9 16163 | |
| 701 | 1 | |a Kostin |b V. N. |g Valeriy | |
| 701 | 1 | |a Komolikov |b Yu. I. |g Yuriy | |
| 701 | 1 | |a Kladov |b D. |c specialist in the field of non-destructive testing |c engineer of Tomsk Polytechnic University |f 1996- |g Dmitry |9 23048 | |
| 801 | 0 | |a RU |b 63413507 |c 20250314 |g RCR | |
| 856 | 4 | |u https://doi.org/10.1134/S1061830924700736 |z https://doi.org/10.1134/S1061830924700736 | |
| 856 | 4 | |u https://doi.org/10.31857/S0130308224070049 |z Статья на русском языке | |
| 942 | |c CF | ||